000 00620nam a2200241Ia 4500
003 OSt
005 20220928124554.0
006 a|||||r|||| 00| 0
007 ta
008 220927b |||||||| |||| 00| 0 eng d
024 _a29882
037 _cTextual
040 _aSDCL
_cSDCL
_beng
041 _2eng
_aeng
082 _aG114:68,, N8
100 _aLatchman David S
245 0 _aEukaryotic transcription factors.
250 _a3
260 _aSan
_bDiego Academic Press
_c1998
300 _axvi,375p
_ccm.
942 _hG114:68,, N8
_cTEXL
_2CC
999 _c779137
_d779137